| 000 | 00633cam a2200205 a 4500 | ||
|---|---|---|---|
| 020 | _a0072829362 | ||
| 040 | _cVVX | ||
| 082 | 0 | 0 | _a332 MCG 2003 A076 Or. |
| 100 | 1 | _aCrabb, Peter R. | |
| 245 | 1 | 0 | _aFinance and investments using the Wall Street Journal / |
| 260 |
_aBoston : _bMcGraw-Hill/Irwin, _cc2003. |
||
| 300 |
_avi, 402 p. _bill. ; _c26 cm. |
||
| 650 | 0 | _aFinance. | |
| 650 | 0 | _aInvestments. | |
| 650 | 0 | _aStock exchanges. | |
| 710 | 2 | _aWall Street Journal (Firm) | |
| 856 | 4 | 2 | _uhttp://www.loc.gov/catdir/description/mh031/2003535497.html |
| 856 | 4 | 1 | _uhttp://www.loc.gov/catdir/toc/mh031/2003535497.html |
| 942 | _cEK | ||
| 999 |
_c15335 _d15335 |
||